Most popular countries by surname - Statistics

General Stats
  • This quiz has been taken 89 times
  • The average score is 38 of 50
Answer Stats
Answer % Correct
China
100%
South Korea
97%
Mexico
96%
United States
96%
United States
96%
United States
96%
United States
96%
United States
96%
United States
96%
Vietnam
96%
Vietnam
96%
Germany
95%
United Kingdom
95%
United Kingdom
95%
Brazil
94%
India
94%
India
94%
Spain
92%
North Korea
91%
Saudi Arabia
90%
Pakistan
88%
Iraq
85%
Australia
82%
Canada
81%
Taiwan
78%
Egypt
76%
Thailand
76%
Thailand
76%
France
74%
France
74%
Austria
73%
Cambodia
72%
Colombia
72%
Syria
71%
Bangladesh
69%
Laos
69%
Switzerland
68%
Afghanistan
67%
Venezuela
64%
Yemen
59%
Singapore
53%
South Africa
53%
South Africa
53%
Oman
47%
Sudan
44%
Angola
42%
Mozambique
37%
Czechia
29%
Hungary
22%
Guinea-Bissau
18%
No matching quizzes found
Score Distribution
Percent of People with Each Score
Percentile by Number Answered
Your Score History
You have not taken this quiz